000
00274nam a22001217a 4500
020
_a
0-19-437502-1
082
_a
670.42 MOU'E
100
_a
MOUNTFORD, A
_9
78468
245
_a
ENGLISH IN WORKSHOP PRACTICE
260
_a
LONDON
_b
OXFORD
_c
1975
300
_a
146P
942
_c
BK
999
_c
583586
_d
583586